<?xml version="1.0" encoding="UTF-8"?><?xml-stylesheet type="text/xsl" href="static/style.xsl"?><OAI-PMH xmlns="http://www.openarchives.org/OAI/2.0/" xmlns:xsi="http://www.w3.org/2001/XMLSchema-instance" xsi:schemaLocation="http://www.openarchives.org/OAI/2.0/ http://www.openarchives.org/OAI/2.0/OAI-PMH.xsd"><responseDate>2026-04-17T01:03:03Z</responseDate><request verb="GetRecord" identifier="oai:www.recercat.cat:2099.1/19843" metadataPrefix="marc">https://recercat.cat/oai/request</request><GetRecord><record><header><identifier>oai:recercat.cat:2099.1/19843</identifier><datestamp>2025-07-23T00:06:35Z</datestamp><setSpec>com_2072_1033</setSpec><setSpec>col_2072_452951</setSpec></header><metadata><record xmlns="http://www.loc.gov/MARC21/slim" xmlns:dcterms="http://purl.org/dc/terms/" xmlns:xsi="http://www.w3.org/2001/XMLSchema-instance" xmlns:doc="http://www.lyncode.com/xoai" xsi:schemaLocation="http://www.loc.gov/MARC21/slim http://www.loc.gov/standards/marcxml/schema/MARC21slim.xsd">
   <leader>00925njm 22002777a 4500</leader>
   <datafield ind2=" " ind1=" " tag="042">
      <subfield code="a">dc</subfield>
   </datafield>
   <datafield ind2=" " ind1=" " tag="720">
      <subfield code="a">Sánchez Claveria, Laura</subfield>
      <subfield code="e">author</subfield>
   </datafield>
   <datafield ind2=" " ind1=" " tag="260">
      <subfield code="c">2013-02</subfield>
   </datafield>
   <datafield ind2=" " ind1=" " tag="520">
      <subfield code="a">El uso de derivados de hidratos de carbono para la síntesis de polímeros ha atraído mucho&#xd;
la atención últimamente no sólo debido a la gran abundancia y carácter renovable de los&#xd;
mismos, sino también debido al comportamiento degradable y biocompatible que se puede&#xd;
esperar de tales polímeros. El desarrollo de polímeros sintéticos utilizando monómeros&#xd;
procedentes de fuentes naturales constituye un nuevo rumbo para desarrollar polímeros&#xd;
sostenibles.&#xd;
En este trabajo se pretende sustituir parcial o totalmente el bisfenol A (BPA) de un plástico&#xd;
convencional como el policarbonato de bisfenol A (PC de BPA), producido a partir de&#xd;
reservas fósiles y que se ha demostrado que presenta una cierta toxicidad, por un nuevo&#xd;
monómero producido a partir de fuentes renovables (Gludioxol, Glx). Primeramente se ha&#xd;
sintetizado dicho monómero a partir de un producto de origen natural como es la 1,5-Dgluconolactona.&#xd;
Los policarbonatos y copolicarbonatos se han obtenido por polimerización&#xd;
en disolución ya que los primeros resultados experimentales no fueron satisfactorios cuando&#xd;
se ensayó la polimerización en masa. La estructura química y microestructura se han&#xd;
estudiado mediante espectroscopia FTIR y RMN de 1H y 13C. Los polímeros obtenidos&#xd;
presentaron pesos moleculares que oscilaban entre 27 000 y 63 000 g·mol-1.&#xd;
Las propiedades mecánicas y el comportamiento térmico de estos policarbonatos fueron&#xd;
evaluados y comparados con los obtenidos para el PC de BPA. Las propiedades térmicas&#xd;
se han evaluado mediante DSC y TGA, observándose que para los copolímeros la Tg es&#xd;
ligeramente inferior que para los homopolímeros y que ésta no varía significativamente con&#xd;
la composición del copolímero. También se observó que la estabilidad térmica decrecía con&#xd;
el aumento del contenido de Gludioxol en el copolímero. Las propiedades mecánicas&#xd;
evaluadas mediante ensayos tracción-deformación que se realizaron para los policarbonatos&#xd;
de BPA y Glx, mostraron un aumento del módulo elástico y del alargamiento a rotura y una&#xd;
disminución de la resistencia a la rotura del PC de BPA respecto al PC de Glx.</subfield>
   </datafield>
   <datafield tag="653" ind2=" " ind1=" ">
      <subfield code="a">Àrees temàtiques de la UPC::Enginyeria química::Química física</subfield>
   </datafield>
   <datafield tag="653" ind2=" " ind1=" ">
      <subfield code="a">Àrees temàtiques de la UPC::Enginyeria dels materials::Materials plàstics i polímers</subfield>
   </datafield>
   <datafield tag="653" ind2=" " ind1=" ">
      <subfield code="a">Polycarbonates -- Testing</subfield>
   </datafield>
   <datafield tag="653" ind2=" " ind1=" ">
      <subfield code="a">Copolymers -- Testing</subfield>
   </datafield>
   <datafield tag="653" ind2=" " ind1=" ">
      <subfield code="a">Policarbonats -- Proves</subfield>
   </datafield>
   <datafield tag="653" ind2=" " ind1=" ">
      <subfield code="a">Copolímers -- Proves</subfield>
   </datafield>
   <datafield ind2="0" ind1="0" tag="245">
      <subfield code="a">Síntesis y caracterización de copolicarbonatos de Bisfenol A y Gludioxol</subfield>
   </datafield>
</record></metadata></record></GetRecord></OAI-PMH>